<?xml version="1.0" encoding="UTF-8"?>
<record
    xmlns:xsi="http://www.w3.org/2001/XMLSchema-instance"
    xsi:schemaLocation="http://www.loc.gov/MARC21/slim http://www.loc.gov/standards/marcxml/schema/MARC21slim.xsd"
    xmlns="http://www.loc.gov/MARC21/slim">

  <leader>02262nam a2200313   4500</leader>
  <controlfield tag="001">91</controlfield>
  <controlfield tag="003">OSt</controlfield>
  <controlfield tag="005">20250528074011.0</controlfield>
  <controlfield tag="008">250124b        |||||||e |||| 00| 1 eng d</controlfield>
  <datafield tag="040" ind1=" " ind2=" ">
    <subfield code="b">por</subfield>
  </datafield>
  <datafield tag="041" ind1=" " ind2=" ">
    <subfield code="h">eng</subfield>
    <subfield code="a">por</subfield>
  </datafield>
  <datafield tag="082" ind1=" " ind2=" ">
    <subfield code="a">813</subfield>
    <subfield code="b">C147c</subfield>
  </datafield>
  <datafield tag="100" ind1="1" ind2=" ">
    <subfield code="a">Caldwell, Taylor,</subfield>
    <subfield code="d">1900-1985</subfield>
    <subfield code="9">206</subfield>
  </datafield>
  <datafield tag="240" ind1=" " ind2=" ">
    <subfield code="a">The wide house</subfield>
  </datafield>
  <datafield tag="245" ind1=" " ind2=" ">
    <subfield code="a">A casa grande /</subfield>
    <subfield code="c">Caldwell, Taylor ; Tradu&#xE7;&#xE3;o de A. B. Pinheiro de Lemos</subfield>
  </datafield>
  <datafield tag="250" ind1=" " ind2=" ">
    <subfield code="a">2&#xB0; edi&#xE7;&#xE3;o</subfield>
  </datafield>
  <datafield tag="260" ind1=" " ind2=" ">
    <subfield code="a">Rio de Janeiro</subfield>
    <subfield code="b">Record</subfield>
    <subfield code="c">1945</subfield>
  </datafield>
  <datafield tag="300" ind1=" " ind2=" ">
    <subfield code="a">539 p.</subfield>
  </datafield>
  <datafield tag="520" ind1=" " ind2=" ">
    <subfield code="a">S&#xF3; uma mulher que fosse ao mesmo tempo ex&#xED;mia romancista seria capaz de descrever com tanta per&#xED;cia e profundidade os abismos de uma alma negra de mulher. Um homem teria falhado na tarefa ingente de penetrar os motivos, descobrir os sentimentos, analisar as rea&#xE7;&#xF5;es e dissecar os atos para expor em todos os seus matizes e contrastes essa mulher que pairava sobre uma fam&#xED;lia e sobre v&#xE1;rias vidas como um anjo mau. Um de seus filhos, dotado de agudo senso cr&#xED;tico, pensou, um dia, ao ver-lhe as m&#xE3;os, que eram &#x201C;m&#xE3;os de uma assassina&#x201D;. Levara a tristeza e &#xE0; morte prematura o marido, um jovem alegre com a alma cheia de esperan&#xE7;as e de m&#xFA;sica, e fora uma for&#xE7;a implacavelmente met&#xF3;dica de destrui&#xE7;&#xE3;o e de morte na vida de seus filhos. Desviou-se para a embriaguez e o desejo de suic&#xED;dio, para a ambi&#xE7;&#xE3;o que enregelava a alma, para a nega&#xE7;&#xE3;o da pr&#xF3;pria personalidade a fim de servir aos seus caprichos e cobi&#xE7;as. Entretanto, suas vitimas a amavam e s&#xF3; ela e talvez Satan&#xE1;s pudessem saber por qu&#xEA;. O retrato vivo dessa m&#xE1; mulher &#xE9; pintado pela autora magistralmente contra o fundo turbulento da vida dos Estados Unidos no s&#xE9;culo passado antes da Guerra Civil do Norte contra o Sul e durante esse agitado per&#xED;odo. Um romance grandioso pela magnitude do cen&#xE1;rio no tempo e no espa&#xE7;o, pela verdade aut&#xEA;ntica dos personagens e pelo seu tratamento, presente sempre, do velho e insol&#xFA;vel problema do mal.</subfield>
  </datafield>
  <datafield tag="650" ind1=" " ind2="0">
    <subfield code="a">Literatura Americana</subfield>
    <subfield code="9">84</subfield>
  </datafield>
  <datafield tag="650" ind1=" " ind2="0">
    <subfield code="a">Drama</subfield>
    <subfield code="9">18</subfield>
  </datafield>
  <datafield tag="650" ind1=" " ind2="0">
    <subfield code="a">Amor e Paix&#xE3;o</subfield>
    <subfield code="9">25</subfield>
  </datafield>
  <datafield tag="650" ind1=" " ind2="0">
    <subfield code="a">Hist&#xF3;rico</subfield>
    <subfield code="9">53</subfield>
  </datafield>
  <datafield tag="650" ind1=" " ind2="0">
    <subfield code="a">Emponderamento </subfield>
    <subfield code="9">32</subfield>
  </datafield>
  <datafield tag="655" ind1=" " ind2="0">
    <subfield code="a">Romance</subfield>
    <subfield code="9">23</subfield>
  </datafield>
  <datafield tag="655" ind1=" " ind2="0">
    <subfield code="a">Fic&#xE7;&#xE3;o </subfield>
    <subfield code="9">22</subfield>
  </datafield>
  <datafield tag="700" ind1=" " ind2=" ">
    <subfield code="a">A. B. Pinheiro de Lemos</subfield>
    <subfield code="e">Tradutor</subfield>
    <subfield code="9">109</subfield>
  </datafield>
  <datafield tag="942" ind1=" " ind2=" ">
    <subfield code="2">ddc</subfield>
    <subfield code="n">0</subfield>
    <subfield code="c">BK</subfield>
  </datafield>
  <datafield tag="952" ind1=" " ind2=" ">
    <subfield code="0">0</subfield>
    <subfield code="1">0</subfield>
    <subfield code="2">ddc</subfield>
    <subfield code="4">0</subfield>
    <subfield code="7">0</subfield>
    <subfield code="8">FIC</subfield>
    <subfield code="a">BIBIB</subfield>
    <subfield code="b">BIBIB</subfield>
    <subfield code="c">LE</subfield>
    <subfield code="d">2014-03-17</subfield>
    <subfield code="e">doa&#xE7;&#xE3;o</subfield>
    <subfield code="l">0</subfield>
    <subfield code="o">813 / C147c</subfield>
    <subfield code="p">2025-14880</subfield>
    <subfield code="r">2025-01-23 08:06:13</subfield>
    <subfield code="w">2025-01-23</subfield>
    <subfield code="y">BK</subfield>
  </datafield>
  <datafield tag="999" ind1=" " ind2=" ">
    <subfield code="c">91</subfield>
    <subfield code="d">91</subfield>
  </datafield>
</record>
